LEADER 01434nam0 2200349 i 450 001 RAV0199077 005 20251003044327.0 010 $a8814036497 100 $a20130827d1992 ||||0itac50 ba 101 | $aita 102 $ait 181 1$6z01$ai $bxxxe 182 1$6z01$an 200 1 $aˆIl ‰trattato di Maastricht sull'Unione Europea$fintroduzione di Fausto Pocar e Carlo Secchi 210 $aMilano$cGiuffrè$d©1992 215 $a212 p.$d24 cm. 225 | $aˆL'‰Italia e la vita giuridica internazionale$v6 410 0$1001CFI0024022$12001 $aˆL'‰Italia e la vita giuridica internazionale$v6 676 $a341.2$9DIRITTO INTERNAZIONALE. COMUNITà MONDIALE$v12 676 $a341.2422$9COMUNITA ECONOMICA EUROPEA (MERCATO COMUNE EUROPEO)$v19 676 $a341.2422026$9COMUNITA ECONOMICA EUROPEA. TRATTATI E GIURISPRUDENZA$v20 676 $a341.2422026$9UNIONE EUROPEA. Trattati e giurisprudenza$v22 702 1$aPocar$b, Fausto$3CFIV006094 702 1$aSecchi$b, Carlo$f <1944- >$3CFIV055413 801 3$aIT$bIT-000000$c20130827 850 $aIT-BN0095 901 $bNAP 01$cD $n$ 912 $aRAV0199077 950 0$aBiblioteca Centralizzata di Ateneo$c1 v.$d 01D (AR) 21 919$e 01AR 0700219195 VMA A4 1 v.$fY $h19971123$i20181107 977 $a 01 996 $aTrattato di Maastricht sull'Unione Europea$9577253 997 $aUNISANNIO